LEADER 01673nam 2200421Ia 450 001 996393576103316 005 20200824132039.0 035 $a(CKB)4940000000118865 035 $a(EEBO)2240914752 035 $a(OCoLC)ocm33150347e 035 $a(OCoLC)33150347 035 $a(EXLCZ)994940000000118865 100 $a19950918d1625 uy | 101 0 $aeng 135 $aurbn||||a|bb| 200 10$aBy the King$b[electronic resource] $ea proclamation for the maintenance and encrease of the mines of saltpeter, and the true making of gunpowder, and reforming abuses concerning the same 210 $aImprinted at London $cBy Bonham Norton and Iohn Bill, Printers to the Kings most Excellent Maiestie$dM.DC.XXV [1625] 215 $a3 leaves 300 $aCaption title. 300 $aImprint from colophon. 300 $a"Giuen at the Court at White-Hall, the thirteenth day of April, in the first yeere of his Maiesties Reigne of England, France, and Ireland, and of Scotland the eight and fiftieth." 300 $aReproduction of original in: Henry E. Huntington Library and Art Gallery. 330 $aeebo-0113 606 $aSaltpeter industry$zEngland$vEarly works to 1800 606 $aGunpowder$vEarly works to 1800 606 $aNitrogen industries$vEarly works to 1800 607 $aGreat Britain$xHistory$yJames I, 1603-1625 615 0$aSaltpeter industry 615 0$aGunpowder 615 0$aNitrogen industries 701 $aCharles$cKing of England,$f1600-1649.$0793295 801 0$bEBK 801 1$bEBK 801 2$bWaOLN 906 $aBOOK 912 $a996393576103316 996 $aBy the King$92297757 997 $aUNISA LEADER 01126nam 2200325 450 001 9910147229903321 005 20230611095918.0 035 $a(CKB)1000000000035515 035 $a(NjHacI)991000000000035515 035 $a(EXLCZ)991000000000035515 100 $a20230611d2000 uy 0 101 0 $aeng 135 $aur||||||||||| 181 $ctxt$2rdacontent 182 $cc$2rdamedia 183 $acr$2rdacarrier 200 10$aAmerican National Standard $eLow-voltage power circuit breakers and AC power circuit protectors : preferred ratings, related requirements, and application recommendations /$fAmerican National Standards Institute 210 1$aNew York :$cInstitute of Electrical and Electronics Engineers,$d2000. 215 $a1 online resource 311 $a0-7381-3599-2 517 $aANSI C37.16-2000 606 $aElectric circuit-breakers$xStandards 615 0$aElectric circuit-breakers$xStandards. 676 $a338.47621312 801 0$bNjHacI 801 1$bNjHacl 906 $aDOCUMENT 912 $a9910147229903321 996 $aAmerican National Standard$93382501 997 $aUNINA